000
00368nam a22001577a 4500
003
MPLRDC
005
20220104125058.0
008
210129b ||||| |||| 00| 0 eng d
082
_a
857.9 GL-43 v.3
100
_a
古龙
245
_a
菊花的刺. 三
_c
260
_a
_b
毅力出版社
_c
300
_b
平
650
_a
武侠小说
942
_c
BK
_o
857.9 GL-43 v.3
999
_c
24488
_d
24478